| 000 | 00716nam a2200121Ia 4500 | ||
|---|---|---|---|
| 008 | 171212s9999 xx 000 0 und d | ||
| 100 | _aMayer, Lauren A.;Arena, Mark V.;McMahon, Michael E. | ||
| 245 |
_cMayer, Lauren A.;Arena, Mark V.;McMahon, Michael E. _aA Risk Assessment Methodology and Excel Tool for Acquisition Programs |
||
| 260 |
_bRAND Corporation _c2013 |
||
| 650 | _aHistory | ||
| 650 | _aUnited States -- Armed Forces -- Weapons systems- -- Costs -- Evaluation -- Methodology; United States. Department of Defense -- Procurement -- Costs -- Evaluation -- Methodology; United States. Department of Defense -- Procurement -- Data processing; Wea | ||
| 856 | _uhttp://www.jstor.org/stable/10.7249/j.ctt5vjxf4 | ||
| 999 |
_c351662 _d351662 |
||